000 03367cam a2200733Ii 4500
001 ocn921864090
003 OCoLC
005 20200320201107.0
008 150921s2016 nyuab j 6b 000 1 eng d
010 _a 2015916055
020 _a9781419719028
020 _a1419719025
029 1 _aAU@
_b000057414270
035 _a(OCoLC)921864090
040 _aYDXCP
_beng
_erda
_cYDXCP
_dBTCTA
_dGK8
_dOCLCQ
_dWIM
_dOCLCO
_dDEL
_dCO2
_dNYP
_dOCLCO
_dOQX
_dUAP
_dGK8
_dIMD
_dVP@
_dUIU
_dBDX
_dOCLCF
_dZGV
_dEHH
_dMNJ
_dCGP
_dWACOL
043 _an-us-tx
_an-us---
049 _aWACL
050 1 4 _aPZ7.7.H3452
_bAl 2016
092 _a976.4
_bHa
092 _a976.4
_bHal
100 1 _aHale, Nathan,
_d1976-
_eauthor,
_eillustrator.
_95768441
245 1 0 _aAlamo all-stars /
_cNathan Hale.
264 1 _aNew York :
_bAmulet Books,
_c2016.
264 4 _c©2016
300 _a122 pages :
_bchiefly illustrations (some color), maps ;
_c20 cm
336 _atext
336 _astill image
337 _aunmediated
338 _avolume
490 1 _aNathan Hale's hazardous tales
500 _a"A Texas tale"--Cover.
504 _aIncludes bibliographical references.
520 _aShares the Lone Star State's bloody fight for independence from the Mexican government and features the exploits of historical legends, Jim Bowie and Davy Crockett.
521 _ajunior nonfiction
_bamazon
600 1 0 _aBowie, Jim,
_d1796?-1836
_vComic books, strips, etc.
_vJuvenile literature.
_95922769
600 1 0 _aCrockett, Davy,
_d1786-1836
_vComic books, strips, etc.
_vJuvenile literature.
_95922770
600 1 7 _aBowie, Jim,
_d1796?-1836.
_2fast
_0(OCoLC)fst01800660
_95922771
600 1 7 _aCrockett, Davy,
_d1786-1836.
_2fast
_0(OCoLC)fst00043597
_99870
611 2 7 _aSiege of The Alamo (San Antonio, Texas : 1836)
_2fast
_0(OCoLC)fst01910462
_95897137
651 0 _aAlamo (San Antonio, Tex.)
_xSiege, 1836
_vComic books, strips, etc.
_vJuvenile literature.
_95922772
651 7 _aTexas
_zSan Antonio.
_2fast
_0(OCoLC)fst01205169
_95922773
651 1 _aAlamo (San Antonio, Tex.)
_vCartoons and comics.
_95922774
651 1 _aAlamo (San Antonio, Tex.)
_xSiege, 1836
_vCartoons and comics.
_95922775
651 1 _aTexas
_xHistory
_yRevolution, 1835-1836
_vCartoons and comics.
_95922776
650 1 _aCartoons and comics.
_95922777
648 7 _a1836
_2fast
_95922778
655 7 _aWar comics.
_2lcgft
_95922779
655 7 _aHistorical comics.
_2lcgft
_95724239
655 7 _aGraphic novels.
_2lcgft
_95922780
655 7 _aComic books, strips, etc.
_2gsafd
_95922781
655 7 _aComic books, strips, etc.
_2fast
_0(OCoLC)fst01423722
_95922781
655 7 _aGraphic novels.
_2fast
_0(OCoLC)fst01726630
_95922780
655 7 _aHistorical comics.
_2fast
_0(OCoLC)fst01921682
_95724239
655 7 _aJuvenile works.
_2fast
_0(OCoLC)fst01411637
_95673941
655 7 _aWar comics.
_2fast
_0(OCoLC)fst01922583
_95922779
800 1 _aHale, Nathan,
_d1976-
_tNathan Hale's hazardous tales.
_95922782
938 _aBaker and Taylor
_bBTCP
_nBK0017699513
938 _aYBP Library Services
_bYANK
_n12605696
938 _aBrodart
_bBROD
_n113905262
942 _cBOOK
_022
948 _a10/14/2016
_zSirsi
994 _aC0
_bWACOL
996 _a134407
_b34301001331760
_cJNF
_dbk
_ewcl
_fo
_g22
_h12.95
_lamazon
_m976.4 Hal
_p10/14/2016
_q12/28/2019
_r03/10/2020
999 _c294239
_d294238